00891nam a2200193 i 450000100060000000300090000600500170001500700030003200800410003510000500007624501640012626000480029030000210033850000700035970000720042985200330050199900170053495201460055173982ES-MaACL20260127062531.0t|040914s1917 sp ||||1| spa d1 aGonzález Besada, Augusto,d1865-191995845613aLa situación del crédito público ante la guerra / cconferencia de Augusto González Besada pronunciada en la sesión pública de 11 de abril de 1917. aMadrid : b[s.n.], c1917 (fJaime Ratés) a41 p. ; c22 cm. aPrecede al tit.: Real Academia de Jurisprudencia y Legislación. aReal Academia de Jurisprudencia y Legislación de España9217612 aES-MaACLj1863-F-9 bR.21479 c73982d73982 001040708Colección_de_folletosaATENEOMbATENEOMcDEPOFd2008-01-17eSCl0o1863-F-9p1077439r2023-02-23 00:00:00w2023-02-23yFOLLETOS